00958nam a2200205Ia 4500008004100000020001600041050002700057100002300084245012600107250001200233260003100245300003000276490002600306504004200332505023300374650005100607650001300658700004500671700003600716120721s2009 mx 000 0 spa d a968664217X 04aLB1050 bP307 2009 v.21 aPansza, Margarita.10aOperatividad de la didáctica / Margarita Pansza González, Esther Carolina Pérez Juárez, Porfirio Morán Oviedo. a12a ed. aMéxicob: Gernikac2009 a127 p.b : il.c ; 21 cm. aCiencias socialesv12 aIncluye referencias bibliográficas. aElaboración de programas; Propuesta de una metodología en la perspectiva de la didáctica crítica; Propuesta de evaluación y creditación del proceso enseñanza-aprendijaze en la perspectiva de la didáctica critica. 0aESCUELAS SECUNDARIAS xESTUDIO Y ENSEÑANZA 0aMAESTROS aPérez Juárez, Esther Carolinaeautor aMorán Oviedo, Porfirioeautor